00329nam a2200109Ia 4500008004100000082002000041100003200061245002000093260003600113630001800149650005200167211109s9999||||xx |||||||||||||| ||und|| a894.8121bCHA-T aChangampuzha, Krishnapillai 0aThalirthothukal bSwararagasudhaaEdappallyc1976 xGeneral Stack aMalayalam LiteraturevMalayalam PoetryMalayalam